Statistics for Ranker's Top 30 Sexiest Marvel Superheroines

Click here to take the quiz!

General Stats

  • This quiz has been taken 395 times
  • The average score is 11 of 30

Answer Stats

Name% Correct
Natalia Romanova/Natasha Romanoff/Black Widow
98%
Wanda Maximoff/Scarlet Witch
76%
Carol Danvers/Cpt. Marvel/Ms. Marvel
75%
Jean Grey/Phoenix
62%
Ororo Munroe/Storm
61%
Gamora Zen Whoberi Ben Titan
60%
Janet Van Dyne/Wasp
56%
Jennifer Walters/She-Hulk
54%
Jessica Drew/Spider-Woman
53%
Anna Marie/Rogue
52%
Susan 'Sue' Storm/The Invisible Woman
50%
Raven Darkhölme/Mystique
45%
Emma Frost/White Queen
42%
Katherine 'Kitty' Pryde/Shadowcat/Star-Lord
40%
Elektra Natchios
37%
Felicia Hardy/Black Cat
37%
Elizabeth 'Betsy' Braddock/Psylocke
32%
Jubilation Lee/Jubilee
29%
Lady Sif of Asgard
24%
Laura Kinney/X-23
24%
Alison 'Ali' Blaire/Dazzler
21%
Neena Thurman/Domino
18%
Lorna Dane/Polaris
17%
Tandy Bowen/Dagger
15%
Angelica 'Angel' Jones/Firestar
13%
Daisy Johnson/Quake
13%
Silver Sablinova/Silver Sable
13%
Amara Aquilla/Magma
8%
Theresa Cassidy/Siryn
8%
Cassandra 'Cassie' Lang/Stature
5%

Score Distribution

Percentile by Number Answered

Percent of People with Each Score

Your Score History

You have not taken this quiz